[Event "Guillermo Garcia Memorial-A 09th"]
[Site "Santa Clara"]
[Date "2001.06.01"]
[Round "8"]
[White "Delgado Ramirez, Neuris"]
[Black "Gomez Fontal, Felix Manuel"]
[Result "1/2-1/2"]
[WhiteElo "2481"]
[BlackElo "2462"]
[PlyCount "56"]
[EventDate "2001.05.23"]
[EventType "tourn"]
[EventRounds "11"]
[EventCountry "CUB"]
[EventCategory "8"]
[SourceTitle "EXT 2002"]
[Source "ChessBase"]
[SourceDate "2001.11.25"]
[SourceVersion "1"]
[SourceVersionDate "2001.11.25"]
[SourceQuality "1"]

1. Nf3 d5 2. g3 Bg4 3. Bg2 Nd7 4. d3 e5 5. Nbd2 Ngf6 6. e4 dxe4 7. dxe4 Bc5 8.
O-O O-O 9. h3 Bh5 10. Qe1 Re8 11. Nh4 c6 12. Bf3 Bxf3 13. Nhxf3 Bb4 14. c3 Bf8
15. Nb3 a5 16. Bg5 h6 17. Bxf6 Nxf6 18. Qe2 a4 19. Nc1 Qd7 20. Kg2 Rad8 21. b3
a3 22. b4 b5 23. Rb1 c5 24. bxc5 Bxc5 25. Nb3 Bf8 26. Nbd2 Qd3 27. Qxd3 Rxd3
28. Rfc1 Rc8 1/2-1/2

[Event "WchT 5th"]
[Site "Yerevan"]
[Date "2001.10.14"]
[Round "3.4"]
[White "Varga, Zoltan"]
[Black "Delgado Ramirez, Neuris"]
[Result "0-1"]
[WhiteElo "2506"]
[BlackElo "2487"]
[PlyCount "104"]
[EventDate "2001.10.12"]
[EventType "team-tourn"]
[EventRounds "9"]
[EventCountry "ARM"]
[SourceTitle "CBM 086"]
[Source "ChessBase"]
[SourceDate "2002.02.05"]
[SourceVersion "1"]
[SourceVersionDate "2002.02.05"]
[SourceQuality "1"]
[WhiteTeam "Hungary"]
[BlackTeam "Cuba"]
[WhiteTeamCountry "HUN"]
[BlackTeamCountry "CUB"]

1. e4 e5 2. Nf3 Nf6 3. Nxe5 d6 4. Nc4 Nxe4 5. d4 d5 6. Ne3 c6 7. Bd3 Be7 8. O-O
Nd6 9. b3 O-O 10. c4 Ne4 11. Bb2 Na6 12. cxd5 cxd5 13. Nc3 Nxc3 14. Bxc3 g6 15.
Qd2 Nb8 16. Rac1 a5 17. Rfe1 Nc6 18. Nxd5 Qxd5 19. Bc4 Qd8 20. d5 Bb4 21. Qf4
Bxc3 22. Rxc3 Ne7 23. d6 Nf5 24. Rd3 Be6 25. Bb5 Qh4 26. Qe5 Rad8 27. d7 Ne7
28. Rd4 Qh5 29. Qxh5 gxh5 30. Rc1 Nc6 31. Bxc6 bxc6 32. Rxc6 Rxd7 33. Rxd7 Bxd7
34. Rc5 Rc8 35. Rg5+ Kh8 36. h4 f5 37. Rxh5 Rc1+ 38. Kh2 Rc2 39. a4 Rxf2 40.
Rh6 Rb2 41. Rd6 Be8 42. Rd8 Re2 43. Ra8 Kg7 44. Rxa5 Bc6 45. Ra7+ Kg6 46. Kg3
Rxg2+ 47. Kf4 Rf2+ 48. Ke5 Re2+ 49. Kf4 Re4+ 50. Kg3 Re3+ 51. Kf4 Rxb3 52. h5+
Kf6 0-1

[Event "WchT 5th"]
[Site "Yerevan"]
[Date "2001.10.15"]
[Round "4.4"]
[White "Delgado Ramirez, Neuris"]
[Black "Niknaddaf, Ali"]
[Result "1-0"]
[WhiteElo "2487"]
[BlackElo "2262"]
[PlyCount "47"]
[EventDate "2001.10.12"]
[EventType "team-tourn"]
[EventRounds "9"]
[EventCountry "ARM"]
[SourceTitle "CBM 086"]
[Source "ChessBase"]
[SourceDate "2002.02.05"]
[SourceVersion "1"]
[SourceVersionDate "2002.02.05"]
[SourceQuality "1"]
[WhiteTeam "Cuba"]
[BlackTeam "Iran"]
[WhiteTeamCountry "CUB"]
[BlackTeamCountry "IRI"]

1. e4 c5 2. Nf3 e6 3. b3 d6 4. Bb2 Nc6 5. Bb5 Bd7 6. O-O Nf6 7. Re1 Be7 8. d4
cxd4 9. Nxd4 O-O 10. Bd3 Qb6 11. Nxc6 Bxc6 12. c4 Nd7 13. Bc2 Qc7 14. Nc3 Bf6
15. Rc1 a5 16. Bb1 Qb8 17. Ba3 Nc5 18. e5 Be7 19. exd6 Qxd6 20. Qh5 g6 21. Qh6
Qd4 22. Bb2 Qh8 23. Qe3 f6 24. Ba3 1-0

[Event "WchT 5th"]
[Site "Yerevan"]
[Date "2001.10.16"]
[Round "5.4"]
[White "Stojanovski, Dejan"]
[Black "Delgado Ramirez, Neuris"]
[Result "1/2-1/2"]
[WhiteElo "2412"]
[BlackElo "2487"]
[PlyCount "30"]
[EventDate "2001.10.12"]
[EventType "team-tourn"]
[EventRounds "9"]
[EventCountry "ARM"]
[SourceTitle "CBM 086"]
[Source "ChessBase"]
[SourceDate "2002.02.05"]
[SourceVersion "1"]
[SourceVersionDate "2002.02.05"]
[SourceQuality "1"]
[WhiteTeam "Macedonia"]
[BlackTeam "Cuba"]
[WhiteTeamCountry "MKD"]
[BlackTeamCountry "CUB"]

1. e4 c5 2. Nf3 d6 3. d4 cxd4 4. Nxd4 Nf6 5. Nc3 a6 6. Be3 Nc6 7. f3 d5 8. Nxd5
Nxd5 9. exd5 Qxd5 10. c3 Nxd4 11. Qxd4 Qxd4 12. Bxd4 Bd7 13. Bc4 e6 14. Kf2 Rc8
15. Bd3 Bc5 1/2-1/2

[Event "WchT 5th"]
[Site "Yerevan"]
[Date "2001.10.17"]
[Round "6.4"]
[White "Delgado Ramirez, Neuris"]
[Black "Asrian, Karen"]
[Result "1/2-1/2"]
[WhiteElo "2487"]
[BlackElo "2604"]
[PlyCount "47"]
[EventDate "2001.10.12"]
[EventType "team-tourn"]
[EventRounds "9"]
[EventCountry "ARM"]
[SourceTitle "CBM 086"]
[Source "ChessBase"]
[SourceDate "2002.02.05"]
[SourceVersion "1"]
[SourceVersionDate "2002.02.05"]
[SourceQuality "1"]
[WhiteTeam "Cuba"]
[BlackTeam "Armenia"]
[WhiteTeamCountry "CUB"]
[BlackTeamCountry "ARM"]

1. e4 c6 2. Nc3 d5 3. d4 dxe4 4. Nxe4 Bf5 5. Ng3 Bg6 6. Bc4 e6 7. N1e2 Bd6 8.
Nf4 Nf6 9. c3 Nd5 10. Nxg6 hxg6 11. Ne4 Be7 12. Qf3 Qc7 13. g3 Nd7 14. Ng5 N7f6
15. Bd2 e5 16. dxe5 Qxe5+ 17. Qe2 Qxe2+ 18. Bxe2 O-O 19. O-O Rfe8 20. Rfe1 Bc5
21. Bf3 a5 22. Rxe8+ Rxe8 23. Re1 Rd8 24. Bc1 1/2-1/2

[Event "CUB-ch"]
[Site "Holguin"]
[Date "2002.03.31"]
[Round "1"]
[White "Perez Garcia, Rodney Oscar"]
[Black "Delgado Ramirez, Neuris"]
[Result "1/2-1/2"]
[WhiteElo "2429"]
[BlackElo "2506"]
[Annotator "Hecht,H"]
[PlyCount "128"]
[EventDate "2002.03.31"]
[EventType "tourn"]
[EventRounds "17"]
[EventCountry "CUB"]
[EventCategory "9"]
[SourceTitle "CBM 089"]
[Source "ChessBase"]
[SourceDate "2002.08.12"]
[SourceVersion "1"]
[SourceVersionDate "2002.08.12"]
[SourceQuality "1"]

1. e4 c5 2. Nf3 d6 3. d4 cxd4 4. Nxd4 Nf6 5. Nc3 a6 6. Be3 e5 7. Nb3 Be7 8. f3
Be6 9. Qd2 O-O 10. O-O-O Nbd7 11. g4 Qc7 12. Kb1 b5 13. Qf2 Rfc8 14. g5 Nh5 15.
h4 b4 16. Nd5 Bxd5 17. Rxd5 Rcb8 18. Ra5 Qc6 19. Ba7 Rf8 20. Rxa6 Qc8 21. Na5
Nb8 22. Bxb8 Rxa6 23. Bxa6 Qxa6 24. Qa7 Qb5 25. Qxe7 Rxb8 26. Qxd6 Rc8 27. Nb3
Qe2 28. Rc1 Qxf3 29. Qxb4 Ng3 30. Qb7 Rf8 31. Nc5 Ne2 32. Re1 Qg3 33. Qb4 Nd4
34. Nb3 Nf3 35. Rh1 Qg2 36. Rd1 Qe2 37. Rc1 Nxh4 38. a4 Nf3 39. a5 Nxg5 40. Nc5
h5 41. a6 Nf3 42. b3 h4 43. a7 Qe3 44. Nd7 Nd2+ 45. Kb2 Rd8 46. Qb6 Qxb6 47.
Nxb6 Nxe4 48. Ra1 Rf8 49. Rh1 g5 50. a8=Q Rxa8 51. Nxa8 Nf2 52. Rf1 g4 {
Übergang von einer Endspielart in eine andere. Weiß wählt das Springerendspiel
und liegt damit offembar richtig. Bei 53.Txf2 sehen die schwarzen Freibauern
furchterregend aus.} 53. Nb6 ({Ein typisches Beispiel:} 53. Rxf2 h3 54. Rh2 f5
55. c4 f4 56. c5 g3 57. Rd2 h2 58. c6 h1=Q 59. c7 Qc6 60. Rd8+ Kf7 61. c8=Q
Qxc8 62. Rxc8 g2 {und die schwarzen Freibauern erweisen sich in der Tat als
stärker}) 53... g3 54. Nc4 h3 55. Nxe5 h2 56. Nf3 h1=Q 57. Rxh1 Nxh1 58. b4 Kf8
59. Kc3 Ke7 60. Kd4 Nf2 61. Nh4 Kd7 62. Ke3 Nd1+ 63. Kf3 Nc3 64. Nf5 Kc6
1/2-1/2

[Event "CUB-ch"]
[Site "Holguin"]
[Date "2002.04.01"]
[Round "2"]
[White "Delgado Ramirez, Neuris"]
[Black "Borges Matos, Juan R"]
[Result "1/2-1/2"]
[WhiteElo "2506"]
[BlackElo "2438"]
[PlyCount "20"]
[EventDate "2002.03.31"]
[EventType "tourn"]
[EventRounds "17"]
[EventCountry "CUB"]
[EventCategory "9"]
[SourceTitle "CBM 089"]
[Source "ChessBase"]
[SourceDate "2002.08.12"]
[SourceVersion "1"]
[SourceVersionDate "2002.08.12"]
[SourceQuality "1"]

1. e4 c5 2. Nf3 d6 3. d4 cxd4 4. Nxd4 Nf6 5. Nc3 a6 6. g3 Bg4 7. f3 Bd7 8. Be3
Nc6 9. Qd2 Rc8 10. Nb3 Be6 1/2-1/2

[Event "CUB-ch"]
[Site "Holguin"]
[Date "2002.04.02"]
[Round "3"]
[White "Arencibia Rodriguez, Walter"]
[Black "Delgado Ramirez, Neuris"]
[Result "1/2-1/2"]
[WhiteElo "2542"]
[BlackElo "2506"]
[PlyCount "49"]
[EventDate "2002.03.31"]
[EventType "tourn"]
[EventRounds "17"]
[EventCountry "CUB"]
[EventCategory "9"]
[SourceTitle "CBM 089"]
[Source "ChessBase"]
[SourceDate "2002.08.12"]
[SourceVersion "1"]
[SourceVersionDate "2002.08.12"]
[SourceQuality "1"]

1. d4 Nf6 2. c4 e6 3. Nf3 b6 4. g3 Ba6 5. Nbd2 Bb4 6. Qc2 Bb7 7. Bg2 O-O 8. O-O
Bxd2 9. Qxd2 d6 10. b3 Nbd7 11. Bb2 a5 12. Rfd1 a4 13. Bh3 Qe7 14. Qc2 axb3 15.
axb3 Be4 16. Qc3 Rxa1 17. Rxa1 Ra8 18. Nd2 Rxa1+ 19. Bxa1 Bb7 20. f3 d5 21. Bb2
c5 22. dxc5 Qxc5+ 23. Qd4 dxc4 24. Nxc4 Ba6 25. Kf2 1/2-1/2

[Event "CUB-ch"]
[Site "Holguin"]
[Date "2002.04.03"]
[Round "4"]
[White "Delgado Ramirez, Neuris"]
[Black "Dominguez Perez, Leinier"]
[Result "1/2-1/2"]
[WhiteElo "2506"]
[BlackElo "2594"]
[PlyCount "42"]
[EventDate "2002.03.31"]
[EventType "tourn"]
[EventRounds "17"]
[EventCountry "CUB"]
[EventCategory "9"]
[SourceTitle "CBM 089"]
[Source "ChessBase"]
[SourceDate "2002.08.12"]
[SourceVersion "1"]
[SourceVersionDate "2002.08.12"]
[SourceQuality "1"]

1. e4 c5 2. Nf3 d6 3. Bb5+ Bd7 4. Qe2 Nf6 5. O-O Bxb5 6. Qxb5+ Qd7 7. Qxd7+
Nfxd7 8. d4 cxd4 9. Nxd4 Nc6 10. Be3 g6 11. Nc3 Bg7 12. Rad1 Rc8 13. Nxc6 Rxc6
14. Bd4 Kf8 15. f3 Bxd4+ 16. Rxd4 Kg7 17. Rf2 Rhc8 18. Rdd2 Ra6 19. a3 Ne5 20.
Nd5 Kf8 21. Ne3 Rb6 1/2-1/2

[Event "CUB-ch"]
[Site "Holguin"]
[Date "2002.04.04"]
[Round "5"]
[White "Nogueiras Santiago, Jesus"]
[Black "Delgado Ramirez, Neuris"]
[Result "0-1"]
[WhiteElo "2521"]
[BlackElo "2506"]
[PlyCount "68"]
[EventDate "2002.03.31"]
[EventType "tourn"]
[EventRounds "17"]
[EventCountry "CUB"]
[EventCategory "9"]
[SourceTitle "CBM 089"]
[Source "ChessBase"]
[SourceDate "2002.08.12"]
[SourceVersion "1"]
[SourceVersionDate "2002.08.12"]
[SourceQuality "1"]

1. c4 Nf6 2. Nc3 b6 3. d4 Bb7 4. d5 e6 5. a3 Bd6 6. Nf3 O-O 7. e4 exd5 8. exd5
Re8+ 9. Be2 c5 10. O-O Bf8 11. Bd3 d6 12. Bg5 Nbd7 13. Bc2 h6 14. Bh4 a6 15. a4
Qc7 16. Nd2 g6 17. f4 Bg7 18. Qf3 b5 19. axb5 axb5 20. Nxb5 Qb6 21. Rxa8 Bxa8
22. Ba4 Qa5 23. Nc3 Rb8 24. Bb5 Qb4 25. Nde4 Nxe4 26. Nxe4 Rxb5 27. cxb5 Bxd5
28. Re1 f5 29. Qa3 Bd4+ 30. Kh1 Qxa3 31. bxa3 Bxe4 32. Be7 d5 33. a4 Bc3 34.
Rc1 d4 0-1

[Event "CUB-ch"]
[Site "Holguin"]
[Date "2002.04.06"]
[Round "6"]
[White "Delgado Ramirez, Neuris"]
[Black "Almeida Quintana, Omar"]
[Result "1-0"]
[WhiteElo "2506"]
[BlackElo "2473"]
[Annotator "Finkel,A"]
[PlyCount "59"]
[EventDate "2002.03.31"]
[EventType "tourn"]
[EventRounds "17"]
[EventCountry "CUB"]
[EventCategory "9"]
[SourceTitle "CBM 089"]
[Source "ChessBase"]
[SourceDate "2002.08.12"]
[SourceVersion "1"]
[SourceVersionDate "2002.08.12"]
[SourceQuality "1"]

1. e4 Nf6 2. e5 Nd5 3. d4 d6 4. Nf3 Bg4 5. Be2 e6 6. c4 Nb6 7. exd6 cxd6 8. Nc3
Be7 9. h3 (9. d5 e5 10. Be3 N8d7 11. Rc1 Rc8 12. b3 O-O 13. h3 Bh5 14. g4 Bg6
15. h4 $5 $36 {Van Hul,C-Mannaert,E/BEL-chT9697 1997 (25)}) 9... Bh5 (9... Bf5
10. O-O N8d7 11. Bf4 O-O 12. a4 a5 13. Re1 Nf6 14. Bf1 $14 {Govedarica,
R-Nisman,B/Belgrade op 1989 (36)}) 10. d5 $5 {Preventing black from playing d5
and getting some space for white pieces.} (10. b3 O-O 11. Be3 Nc6 (11... d5 12.
c5 N6d7 13. b4 b6 14. O-O a5 15. a3 axb4 16. axb4 Rxa1 17. Qxa1 Bxf3 18. Bxf3
Nc6 $132 {Tolnai,T-Fogarasi,T/Budapest 1992}) 12. O-O d5 13. c5 Nc8 14. b4 $5
$14 {Tolnai,T-Hauchard,A/EU-chT 1992 (29)}) (10. Be3 N8d7 11. b3 O-O 12. g4 Bg6
13. Qd2 Rc8 14. O-O e5 15. dxe5 dxe5 16. Rad1 $14 {Pastor Pons,C-Ruiz,C/San
Sebastian 2000}) 10... e5 11. g4 Bg6 12. h4 (12. Be3 N8d7 13. h4 $5 (13. c5 $6
Nxc5 14. Bxc5 dxc5 15. Bb5+ Kf8 16. Nxe5 Bd6 17. Nxg6+ hxg6 $13) 13... h5 14.
g5 a6 15. b3 Qc7 16. Bd3 O-O 17. Ne4 $14 {Vescovi,G-Leitao,R/Itabirito 1998})
12... h5 (12... h6 13. h5 (13. Bd3 $6 Bxd3 14. Qxd3 Na6 15. Be3 Nd7 16. Rd1
Nac5 17. Qd2 a5 18. b3 e4 19. Bxc5 Nxc5 20. Nd4 Bxh4 $15 {Lopez Guaita,
F-Palacios Latasa,E/Aragon 1999}) 13... Bh7 14. Bd3 Bxd3 15. Qxd3 Na6 16. b3
Nd7 17. Be3 $14 {Buchenau,F-Schwartz,G/Baunatal 1998}) (12... e4 13. Ng5 O-O
14. Ngxe4 Re8 15. Qd4 Na6 16. h5 Nb4 17. Kd1 $1 $16 {Messa,R-Corvi,M/Verona
1997}) 13. g5 Na6 14. Be3 Nb4 $6 {Dubious move. Black intends to put the
knight to d3, but after exchnage black pawn becomes a target for white pieces.}
(14... Rc8 15. b3 Nc5 16. Qd2 (16. Bxc5 Rxc5 17. Bd3 O-O 18. Bxg6 fxg6 19. Nd2
Qd7 $13) 16... O-O $132) 15. Rc1 $1 e4 $6 16. Nd4 Nd3+ (16... Nd7 17. a3 Nd3+
18. Bxd3 exd3 19. f4 $16 {[%cal Gf4f5]}) 17. Bxd3 exd3 18. b3 {[%csl Gc4,Rd3]}
Qd7 (18... Qc8 $5 19. f4 O-O 20. Qf3 Nd7 21. O-O $16) 19. f4 {White's ides is
to transfer f5 and to take the pawn. Black is capable to prevent f5, but not
to keep the pawn!} O-O 20. Qf3 Bf5 21. Nxf5 Qxf5 22. Qe4 $5 ({Another
promising continuation was} 22. Ne4 Rfe8 23. Ng3 Qd7 24. Rd1 $18) 22... Qg4 23.
f5 $1 $18 Nd7 24. Kd2 Ne5 25. Qxg4 hxg4 (25... Nxg4 26. Bd4 $18) 26. Bf4 f6 27.
Bxe5 fxe5 28. Rcf1 Rf7 29. Kxd3 a6 30. Rhg1 1-0

[Event "CUB-ch"]
[Site "Holguin"]
[Date "2002.04.07"]
[Round "7"]
[White "Abreu Delgado, Aryam"]
[Black "Delgado Ramirez, Neuris"]
[Result "0-1"]
[WhiteElo "2480"]
[BlackElo "2506"]
[PlyCount "68"]
[EventDate "2002.03.31"]
[EventType "tourn"]
[EventRounds "17"]
[EventCountry "CUB"]
[EventCategory "9"]
[SourceTitle "CBM 089"]
[Source "ChessBase"]
[SourceDate "2002.08.12"]
[SourceVersion "1"]
[SourceVersionDate "2002.08.12"]
[SourceQuality "1"]

1. e4 c5 2. Nf3 d6 3. d4 cxd4 4. Nxd4 Nf6 5. Nc3 a6 6. f3 e5 7. Nb3 Be7 8. Be3
Be6 9. Qd2 O-O 10. O-O-O Qc7 11. g4 Nbd7 12. Qf2 b5 13. g5 Nh5 14. Kb1 Rfb8 15.
h4 b4 16. Nd5 Bxd5 17. exd5 a5 18. Nd2 Nb6 19. Bxb6 Rxb6 20. Ne4 a4 21. Bh3 Ra5
22. Bg4 Nf4 23. h5 a3 24. b3 Rxd5 25. Rxd5 Nxd5 26. c4 bxc3 27. Rc1 Rc6 28. g6
Nf4 29. Qc2 fxg6 30. hxg6 h5 31. Bf5 d5 32. Nxc3 Qa5 33. Qd2 Bb4 34. Nxd5 Rxc1+
0-1

[Event "CUB-ch"]
[Site "Holguin"]
[Date "2002.04.08"]
[Round "8"]
[White "Delgado Ramirez, Neuris"]
[Black "Gonzalez Vidal, Yuri"]
[Result "1-0"]
[WhiteElo "2506"]
[BlackElo "2444"]
[Annotator "Lukacs,P"]
[PlyCount "81"]
[EventDate "2002.03.31"]
[EventType "tourn"]
[EventRounds "17"]
[EventCountry "CUB"]
[EventCategory "9"]
[SourceTitle "CBM 089"]
[Source "ChessBase"]
[SourceDate "2002.08.12"]
[SourceVersion "1"]
[SourceVersionDate "2002.08.12"]
[SourceQuality "1"]

1. e4 c6 2. d4 d5 3. e5 Bf5 4. Nf3 e6 5. Be2 c5 6. Be3 Nd7 7. O-O Ne7 8. c4 {
White wants to open the [+] because of his better development.} dxc4 9. Na3 {
/\ Nxc4 is the real threat.} Nd5 (9... cxd4 10. Nxc4 Nc6 11. Nxd4 Be4 (11...
Nxd4 12. Qxd4 {>< d6} Be7 13. Rfd1 b5 14. Nd6+ Bxd6 15. Qxd6 $16 {
Dorin-Hernandez Penna, Buenos Aires 1998}) 12. Nb5 {>< d6} Bd5 13. Nbd6+ Bxd6
14. Nxd6+ Kf8 15. f4 $16 {Rosen-Wolf, Bad Liebenzell 1996}) (9... Nc6 10. Nxc4
Be7 11. Nd6+ Bxd6 12. exd6 $14 {and the o^ on d6 may become annoying.}) (9...
c3 $5 10. Nb5 Nd5 11. Nxc3 Nxc3 12. bxc3 Be7 13. Bd3 Bxd3 14. Qxd3 O-O (14...
Qc7 {allows White to exchange his passive B.} 15. Bg5 $14 {Ernst-Malmstig,
Linkoping 1996}) 15. Rfd1 $14) 10. Nxc4 (10. Bg5 {is the other alternative.}
Be7 (10... Qb8 {This seems to be rather sophysticated.} 11. Bxc4 h6 12. Bh4
N7b6 13. Rc1 a6 14. Re1 Be7 {So Black had to play this move, but already in
unfavourable circumstances.} 15. Bxe7 Kxe7 16. Bd3 Bxd3 17. Qxd3 cxd4 18. Nc4
Nxc4 19. Rxc4 Rc8 20. Rxd4 Qc7 21. Rd1 Rd8 22. h4 Rac8 23. h5 $14 {
Smirin-Vyzmanavin, Elenite 1994}) 11. Bxe7 Nxe7 (11... Qxe7 12. Nxc4 O-O 13.
Nd6 {If Black can exchange this N in time, he can equalize.} Bg6 (13... Nf4 $6
14. Nxf5 exf5 15. Bb5 Nb6 16. Rc1 Rac8 17. Qd2 Nbd5 18. Bc4 cxd4 19. g3 Nb6 20.
Bxf7+ Qxf7 21. Qxf4 Qxa2 22. Rxc8 Nxc8 23. Qxd4 $16 {Tkachiev-I.Nikolaides,
1995}) (13... Bg4 14. dxc5 Nf4 15. Qd2 Nxe2+ 16. Qxe2 Nxc5 17. Qe3 Bxf3 18.
Qxf3 f6 $13 {Rythsagov-Fridman, FIN 1995}) 14. Rc1 cxd4 15. Qxd4 N7b6 16. Nh4
Nc8 $1 17. Nxg6 hxg6 18. Nc4 Ncb6 19. Na5 Rfc8 $11 {Anagnostopoulos-Magem
Badals, Manresa 1995}) 12. Nxc4 O-O 13. Rc1 Nc6 14. dxc5 Nxc5 15. Qd6 Ne4 $11 {
and White cannot conquer >< d6, Dorin-Larsen, Buenos Aires 1998.}) 10... Be7 (
10... h6 11. dxc5 $1 (11. a4 a6 12. Rc1 Rc8 {- Ehlvest-Vyzmanavin, Novosibirsk
1995 CBM 50}) 11... Nxc5 12. Nd4 {Har Zvi}) (10... b5 $142 {and White is
forced to make a decision.} 11. Bg5 $1 (11. Nd6+ Bxd6 12. exd6 c4 $13 {and the
N on d5 is superb.}) 11... Qb8 (11... Qc7 $6 12. Nd6+ $1 Bxd6 13. exd6 Qb7 14.
dxc5 Nxc5 15. Rc1 Rc8 16. Nd4 $16) (11... f6 12. exf6 gxf6 13. Ne3 $1 fxg5 (
13... Nxe3 14. Bxe3 c4 15. d5 $16) 14. Nxf5 exf5 15. Bxb5 $36 {with a
positional piece sacrifice against the K in the middle.}) 12. Ne3 h6 13. Bh4
Nxe3 (13... Be4 14. a4 cxd4 15. Nxd4 Bc5 16. Bxb5 Qxe5 17. Nc6 Qc7 18. Bg3 Nxe3
{Now the firework begins...} 19. Bxc7 Nxd1 20. Ne5 Nxf2 21. Nxd7 Bd4 22. Rxf2
a6 23. Nf6+ Ke7 24. Nxe4 axb5 25. a5 Rhc8 26. Bd6+ Ke8 27. Bb4 $16 {and White
has consolitated his material advantage, Krakops-Teske, 1997.}) 14. fxe3 a6 15.
a4 (15. Nd2 Qb6 16. Bf3 Rc8 17. Ne4 cxd4 18. Rc1 Rc4 19. Rxc4 bxc4 20. exd4 Be7
21. Bxe7 Kxe7 22. Rf2 Rd8 $13 {and the K will march into safety on the >>, Ye
Jiangchuan-Adianto, Jakarta 1996}) 15... cxd4 (15... Be4 16. Nd2 Bc6 17. Bh5 $1
{and suddenly the K is under heavy ->.} g6 18. Bxg6 $1 fxg6 19. Qg4 $16 {
Krakops-Rasmussen, Gausdal 2001}) 16. axb5 g5 17. Bg3 dxe3 18. Nd4 Bg6 19. bxa6
Bc5 20. Nb5 Ke7 21. Kh1 Rd8 22. Nd6 $14 {Kveinys-Velicka, Capella la Granda
1996}) (10... Nxe3 11. Nxe3 Be4 12. d5 exd5 13. Nxd5 Be7 14. Re1 O-O 15. Bb5
Bf5 16. e6 Bxe6 17. Rxe6 $1 {winning two pieces for the R.} fxe6 18. Nxe7+ $16
{Shaked-Frenlakh, Hawaii1997}) 11. Qb3 (11. Nd6+ $142 $5 {looks crisper here.}
Bxd6 12. exd6 O-O (12... Nxe3 13. fxe3 Qb6 14. dxc5 $1 Qxb2 (14... Qxc5 15. Qd4
$16) 15. Nd4 $16) 13. dxc5 Nxe3 14. fxe3 Nxc5 15. Qd4 {White has to keep his
strong o^ on d6 at any rate.} Qb6 (15... Rc8 16. Rac1 b6 17. b4 $16) 16. Ne5 $5
(16. Rac1 Ne4 17. d7 Rfd8 18. Qxb6 axb6 19. Ne5 Kf8 20. g4 Bg6 21. Bd3 Nd6 22.
Bxg6 hxg6 23. Nxg6+ Kg8 24. Ne5 f6 25. Rfd1 Ne4 26. Nc4 Kf7 27. a3 Ra6 28. Rd4
$14 {Smirin-Vyzmanavin, Novosibirsk 1995}) 16... Na4 17. Qxb6 Nxb6 18. Rad1
Rad8 19. Rf4 f6 20. Nc4 g5 21. Rfd4 e5 22. R4d2 Be6 23. Nxb6 axb6 24. d7 {
The o^ is extremely dangerous!} Rf7 25. Bb5 $16 {Volokitin-Shtanko, Kiev 1998})
11... Nxe3 12. Nxe3 Be4 13. d5 {White wants to open the [+] before the black K
castles >>.} Bxf3 14. gxf3 exd5 (14... Nxe5 15. f4 Ng6 (15... Nd7 16. dxe6 fxe6
17. f5 exf5 18. Nxf5 $44) 16. dxe6 fxe6 17. f5 exf5 18. Nxf5 $44 {and the K
remains in the middle.}) 15. Qxd5 (15. Nxd5 Nxe5 16. f4 Ng6 17. Qxb7 O-O $13 {
and the K escapes.}) 15... Qc7 (15... Qb6 $5 16. Nc4 Qg6+ (16... Qe6 17. Qxb7
Rb8 18. Qc7 O-O 19. Rfd1 $14) 17. Kh1) (15... O-O $2 {founders on the pin.} 16.
Rfd1 Nb6 17. Qxb7 $18) 16. f4 O-O 17. Qe4 (17. Nf5 $5 Nb6 18. Qg2 g6 $13) 17...
Nb6 18. Bf3 (18. Bd3 g6 {and White's threats on the >> are more or less
parried.} 19. f5 Rad8 $1 20. Rac1 (20. f6 $2 Rd4) 20... Rxd3 21. Qxd3 Qxe5 $132
) 18... Rab8 19. Kh1 Rfd8 20. Rad1 Qc6 $5 {Black wants to liquidate to a ^-
_|_ sacrificing a P for it.} (20... Bf8 21. Rg1 $14 (21. f5 Nd7 $1 22. e6 Nf6
$13)) 21. Qxc6 bxc6 22. Bxc6 $14 Kf8 23. Kg2 Rbc8 24. Bb5 Rd4 25. Kf3 Rcd8 26.
Rxd4 Rxd4 (26... cxd4 {changes the P structure in White's favour.} 27. Nf5 d3
28. Rd1 d2 29. Nxe7 Kxe7 30. Ke4 $16) 27. b3 Rd2 28. a4 a5 $1 {against a4-a5} (
28... Rb2 $2 29. a5 $1 {This was the big threat!} (29. Bc4 Nxc4 (29... a5 30.
Ke4 $16) 30. bxc4 $14) 29... Nd5 30. Bc4 Nb4 31. Rd1 $18) 29. Rc1 (29. Rd1 Rxd1
(29... Rb2 30. Rd3) 30. Nxd1 f5 31. Ne3 g6 $14 {and it is not easy to
penetrate into Black's camp.}) 29... g6 30. f5 Bh4 31. Rxc5 (31. Be2 Nd7 32.
Nc4 Rd5 $14) 31... Rxf2+ 32. Kg4 (32. Ke4 Bg5) 32... Rxh2 33. Rc6 h5+ 34. Kf4
Bd8 $2 {Why?} (34... Rf2+ $2 35. Ke4 gxf5+ 36. Nxf5 Bg5 37. Nd6 $1 (37. Rxb6
Rf4+ 38. Kd5 Rxf5 39. Rb8+ Kg7) 37... Rf4+ 38. Kd3 Rf3+ 39. Ke2 Re3+ 40. Kf1
$18 (40. Kf2 $2 Rxb3 $1)) (34... gxf5 $1 {was simple and good.} 35. Nxf5 (35.
Kxf5 Bd8 36. Rd6 Bc7) 35... Nd5+ 36. Ke4 Ne7 $11) 35. f6 $2 {A comedy of
errors?} (35. fxg6 fxg6 36. Rxg6 $18 {was winning easily.}) 35... Rd2 (35...
Rh4+ 36. Kf3 Rh3+ $11) 36. Ke4 h4 37. Rc1 $1 (37. b4 $5 axb4 38. a5 b3 $1 $19)
37... h3 38. b4 $6 (38. Rh1 $1 {eliminating the o^ was necessary.} h2 39. Nf1
Rd5 40. Nxh2 $18) 38... axb4 39. a5 Nd7 40. a6 Bxf6 $2 (40... b3 $2 41. a7 Nc5+
$1 42. Kf3 (42. Rxc5 b2 $19) 42... Ra2 43. Rxc5 $1 h2 (43... Rxa7 44. Rc8 $18)
44. Rc1 Rxa7 45. Rh1 $18) (40... h2 $1 {was the best chance for a draw, for
example:} 41. Bxd7 Rxd7 42. Rh1 Bb6 43. Rxh2 Rd4+ 44. Kf3 Ke8 45. Rh8+ Kd7 46.
Rb8 Kc7 47. Rb7+ Kc6 48. e6 fxe6 49. f7 Bc5 50. Rb8 Rd7 $11) 41. Rc8+ 1-0